[Event "Bergisch Gladbach-ch 24th"]
[Site "Bergisch Gladbach"]
[Date "2002.10.04"]
[Round "6"]
[White "Stieg, Karsten"]
[Black "Brennecke, Lars Ake"]
[Result "1-0"]
[WhiteElo "1326"]
[BlackElo "1401"]
[PlyCount "151"]
[EventDate "2002.08.??"]
[EventType "swiss"]
[EventRounds "7"]
[EventCountry "GER"]
[SourceTitle "EXT 2005"]
[Source "ChessBase"]
[SourceDate "2004.11.15"]
[SourceVersion "1"]
[SourceVersionDate "2004.11.15"]
[SourceQuality "1"]

1. d4 d5 2. c4 e6 3. Nc3 Nf6 4. Bg5 dxc4 5. e4 Be7 6. Bxc4 Nxe4 7. Bxe7 Qxe7 8. Nxe4 Qb4+ 9. Nd2 Qxb2 10. Ne2 Qb6 11. 0-0 Qd6 12. Ne4 Qe7 13. d5 0-0 14. dxe6 Bxe6 15. Bxe6 Qxe6 16. Qc2 c6 17. Ng5 Qh6 18. Qc1 Nd7 19. Nf3 Qxc1 20. Raxc1 Rac8 21. Rfd1 Rc7 22. Rd2 Nb6 23. Rcd1 f6 24. Nf4 Re8 25. Rd8 Kf7 26. Rxe8 Kxe8 27. Re1+ Kf7 28. Rd1 g5 29. Nd3 Nd5 30. Nc5 b6 31. Na6 Rc8 32. g3 Nc7 33. Nxc7 Rxc7 34. Rc1 c5 35. Nd4 Rd7 36. Nb5 a6 37. Nc3 b5 38. Ne4 c4 39. Nc5 Rd6 40. Ne4 Rd5 41. Kf1 Ke6 42. Re1 Kf5 43. g4+ Kg6 44. Nc3 Rd3 45. Re3 Rd6 46. Ne4 Rc6 47. Ke2 b4 48. Kd2 a5 49. a4 h6 50. Nc3 f5 51. f3 Rd6+ 52. Kc2 bxc3 53. Kxc3 Rc6 54. Re5 fxg4 55. fxg4 Rb6 56. Rxa5 h5 57. h3 hxg4 58. hxg4 Rc6 59. Rb5 Kf6 60. Rb4 Ke6 61. Rxc4 Ra6 62. Kb4 Kd6 63. Kb5 Ra8 64. Rc6+ Ke5 65. a5 Kf4 66. Rc4+ Kg3 67. Kb6 Rf8 68. a6 Rf4 69. Rxf4 Kxf4 70. a7 Kxg4 71. a8Q Kg3 72. Kc5 g4 73. Kd4 Kh2 74. Ke3 g3 75. Kf3 g2 76. Qa2 1-0

[Event "Bergisch Gladbach-ch 24th"]
[Site "Bergisch Gladbach"]
[Date "2002.09.13"]
[Round "3"]
[White "Brennecke, Lars Ake"]
[Black "Bloemer, Guenter"]
[Result "0-1"]
[WhiteElo "1401"]
[BlackElo "1441"]
[PlyCount "110"]
[EventDate "2002.08.??"]
[EventType "swiss"]
[EventRounds "7"]
[EventCountry "GER"]
[SourceTitle "EXT 2005"]
[Source "ChessBase"]
[SourceDate "2004.11.15"]
[SourceVersion "1"]
[SourceVersionDate "2004.11.15"]
[SourceQuality "1"]

1. e4 e6 2. Nf3 d5 3. e5 c5 4. d4 Nc6 5. Bg5 Qb6 6. b3 cxd4 7. Bf4 Bb4+ 8. Bd2 Nh6 9. c3 dxc3 10. Bxc3 Ng4 11. Qd2 Bxc3 12. Nxc3 Ngxe5 13. Nxe5 Nxe5 14. Qg5 Ng6 15. Bb5+ Bd7 16. Bxd7+ Kxd7 17. 0-0 Rac8 18. Rac1 Qb4 19. Qe3 Qf4 20. Qxa7 Qb4 21. Qa4+ Qxa4 22. Nxa4 Kd6 23. Nb6 Rc6 24. Rxc6+ bxc6 25. Rb1 Nf4 26. g3 Ne2+ 27. Kf1 Nc3 28. Rb2 Rb8 29. Rc2 Rxb6 30. Rxc3 d4 31. Rd3 c5 32. a4 e5 33. f3 f5 34. Ke2 e4 35. fxe4 fxe4 36. Rd1 Rxb3 37. Ra1 Rb7 38. Ra2 c4 39. a5 Ra7 40. Ra4 Kc5 41. Ra1 Kb5 42. Rd1 d3+ 43. Ke3 Rxa5 44. Kxe4 Ra2 45. Kd4 Rc2 46. h4 Kb4 47. Rb1+ Ka3 48. Rb7 Ka2 49. Ke3 Re2+ 50. Kf3 c3 51. Ra7+ Kb2 52. Rb7+ Kc2 53. Rd7 Re1 54. Ra7 d2 55. Ra2+ Kb3 0-1